Rosco de Pasapalabra #28 - Estadísticas

Estadísticas generales
  • Esta prueba ha sido intentada 426 veces
  • La puntuación promedio es 13 de 25
Estadísticas de respuestas
Inicial Definición Respuesta % Correcto
J Coloquialmente, fastidiar o molestar Jorobar
95%
E Persona que desempeña un trabajo a cambio de un sueldo Empleado
94%
F Lámpara eléctrica de luz muy potente concentrada en una dirección Foco
92%
I Acrónimo de impuesto sobre el valor añadido IVA
90%
B Conceder a alguien una subvención para estudios o investigaciones Becar
89%
D Territorio arenoso o pedregoso, que por falta casi total de lluvias carece de vegetación o la tiene muy escasa Desierto
89%
O Establecimiento donde se venden lentes y otros instrumentos para mejorar la visión Óptica
87%
S Cualquier especie de hongo, comestible o no, con forma de sombrilla Seta
84%
U Aplicar y extender superficialmente aceite u otra materia pingüe sobre algo Untar
81%
C Líquido que se obtiene de la cocción de un alimento en agua Caldo
79%
L Facultad de emplear sonidos articulados para expresarse, propia del ser humano Lenguaje
59%
G Hendidura alargada que se hace en la tierra o en cualquier cuerpo sólido Grieta
49%
V Gas procedente de un cuerpo que, a la temperatura ordinaria, es líquido Vapor
49%
P Acción y efecto de ir en romería a un santuario por devoción o por voto Peregrinaje
48%
T Sustancia interior de los huesos Tuétano
48%
Contiene la X Existencia de una persona o de una cosa a la vez que otra u otras Coexistencia
45%
M Moderación, comedimiento Mesura
35%
Contiene la Ñ Hinchazón de la piel, principalmente de manos, pies y orejas, que se produce por frío excesivo y causa picor Sabañón
33%
A Cada uno de los dos órganos respiratorios de los peces, situados a uno y otro lado de la cabeza Agalla
29%
N Transformar un líquido en partículas finísimas que forman una especie de nubecilla Nebulizar
25%
Contiene la Q En la India, asceta que practica duros ejercicios de mortificación Faquir
18%
Contiene la Y Material sintético que imita el cuero, muy usado en tapicería Escay
10%
Z Sangría, bebida elaborada con vino, azúcar y trozos de fruta Zurracapote
7%
H Apellido del bioquímico que, en 1929, compartió el premio Nobel de química con Hans von Euler-Chelpin Harden
1%
R Nombre de la compañía artística de danza, teatro y música, fundada en 2009 por Abbi Greenland y Helen Goalen RashDash
0%
No se encontraron pruebas coincidentes
Distribución de puntuación
Porcentaje de gente con cada puntuación
Porcentaje por número respondido
Historial de tus puntuaciones
No has intentado esta prueba.